000 00631nam a2200169 i 4500
001 177547
003 ES-MaACL
005 20230906220348.0
008 110401s1884 sp |||| | spa d
080 _a061.21(460.355 C.) Academia (047.32)
110 2 _aReal Academia Gaditana de Ciencias y Letras.
_96340
245 1 0 _aEstatutos y reglamento de la Academia Gaditana de Ciencias y Artes.
260 _aCádiz :
_b[s.n.],
_c1884 (
_fImp. de la Revista Médica de Federico Joly)
300 _a39 p. ;
_c19 cm.
610 2 4 _aAcademia Gaditana de Ciencias y Artes-
_vEstatutos y reglamentos.
_9145946
852 _aES-MaACL
_jT-367-F-1
999 _c177547
_d177547